000 01430cam a2200373 i 4500
001 25772
003 Mx-PuUPA
005 20250124075205.0
008 140415s2014 sp gr 000 0 spa d
020 _a9788490550267
040 _aMx-PuUPA
_bspa
_cMx-PuUPA
_dMx-PuUPA
_erda
041 1 _aspa
_hita
100 1 _aNembrini, Franco,
_eautor
_916654
240 1 0 _aDi padre in figlio.
_lEspañol
245 1 3 _aEl arte de educar :
_bde padres a hijos /
_cFranco Nembrini ; traducción, Silvia Guerrero Fontana ; prólogo del Cardenal Camillo Ruini ; prólogo a la edición española de José María Alvira Duplá
250 _aSegunda edición
264 1 _aMadrid :
_bEdiciones Encuentro,
_c©2014
300 _a255 páginas ;
_c23 cm
336 _2rdacontent
_atexto
_btxt
337 _2rdamedia
_asin medio
_bn
338 _2rdacarrier
_avolumen
_bnc
490 0 _aColección Ensayos ;
_v154
490 0 _aEducación
650 7 _2armarc
_aEducación cristiana de niños
650 7 _2armarc
_aPadres e hijos
_xCatequesis
650 7 _2armarc
_aEducación de niños
700 _atraducción, Silvia Guerrero Fontana ;
700 1 _aRuini, Camillo,
_eprologuista
700 1 _aAlvira Duplá, José María,
_eprologuista
942 _2ddc
_cLI
_h268.432
_iN43
999 _c25772
_d25772